书目信息 |
| 题名: |
古书评三种考订
|
|
| 作者: | ;金陵大学中国文化所研究所 编 | |
| 分册: | ||
| 出版信息: | 1947 |
|
| 页数: | 全一册 | |
| 开本: | 26cm | |
| 丛书名: | ||
| 单 册: | ||
| 中图分类: | G256.4 | |
| 科图分类: | ||
| 主题词: | 图书馆学 , 图书馆事业 | |
| 电子资源: | ||
| ISBN: | ||
| 000 | 00590nam0 2200181 450 | |
| 001 | 0737367343 | |
| 005 | 20070919102359.90 | |
| 100 | @a20070919d1947 km y0chiy0120 ea | |
| 101 | 0 | @achi |
| 200 | 1 | @a古书评三种考订@Agu shu ping san zhong kao ding@f金陵大学中国文化所研究所编@Fjin ling da xue zhong guo wen hua suo yan jiu suo bian |
| 210 | @d1947 | |
| 215 | @a全一册@d26cm | |
| 606 | 0 | @a图书馆学 |
| 606 | 0 | @a图书馆事业 |
| 690 | @aG256.4@v3 | |
| 711 | 02 | @a金陵大学中国文化所研究所@Ajin ling da xue zhong guo wen hua suo yan jiu suo@4编 |
| 801 | 0 | @aCN@bPFT@c20070919 |
| 905 | @a10447@dG256.4@e2 | |
| 古书评三种考订/金陵大学中国文化所研究所编.-1947 |
| 全一册;26cm |
| ISBN : |
| ● |
| 相关链接 |
|
|
|
|
正题名:古书评三种考订
索取号:G256.4/2
 
预约/预借
| 序号 | 登录号 | 条形码 | 馆藏地/架位号 | 状态 | 备注 |
| 1 | 0015772 | 000213272 | 密集书库/ [索取号:G256.4/2] | 在馆 |